000 00470nam a2200181Ia 4500
001 23977
005 20260414151013.0
008 260414t1987||||xx |||||||||||||| ||spa||
041 _aESP
082 _a737.496
_bB22
100 _aBanco de España
_eAUT
245 0 _aMonedas hispánicas 1475-1598 :
_bsala de exposiciones del Banco de España
260 _c1987
300 _a222 páginas :
_c28 cm.
650 _aABD
654 _aCAU
942 _cLIB
_dJUS
_fJUS
_2ddc
_n
999 _c23977
_d23977